000 00401 a2200121 4500
005 20250621075845.0
082 _a320.967 TOR
100 _aTORDOFF, W.
245 _aGovernment and Politics in Tanzania: A Collection of Essays Covering the Period from September 1960 to July 1966.
260 _aNairobi,
_bEast African Publishing House,
_c1967.
300 _axiii, 257p.: map
_bIndex
_c21cm
942 _2ddc
_cBKS
999 _c339
_d339